00519nam a2200133 a 450000100100000000500170001000800410002704000250006824500970009326000450019030000280023595201050026399900170036800003854420201002031305.0130415s19uu dr a 000 0 spa d aDO-SdBNPbspacBNPHU00a"La preocupación de la iglesia por la cuestión social" carta enciclica de Juan Pablo II. aSanto Domingo :bEdiciones MSC,c[19-?]. a56 p. :bils. ;c22 cm. 0010718PDaPDbPDcHDd2013-04-15iLF1l0o p38544-10r2020-06-25w2020-06-25yLFPDZNo se presta c38034d38034